Central Library OPAC University of Rajshahi

Waves : (Record no. 8883)

MARC details
000 -LEADER
fixed length control field 00851nam a2200265 a 4500
001 - CONTROL NUMBER
control field 8883
003 - CONTROL NUMBER IDENTIFIER
rucl marc code BD-RjUL
005 - DATE AND TIME OF LATEST TRANSACTION
control field 20211208234654.0
008 - FIXED-LENGTH DATA ELEMENTS--GENERAL INFORMATION
fixed length control field 140119r19651955stka 001 0 eng d
020 ## - INTERNATIONAL STANDARD BOOK NUMBER
International Standard Book Number 050013122 (hardback)
International Standard Book Number 050013130 (paperback)
035 ## - SYSTEM CONTROL NUMBER
System control number (BD-RjUL)8928
040 ## - CATALOGING SOURCE
Original cataloging agency WSU
Modifying agency m/c
-- BD-RjUL
Language of cataloging eng
Transcribing agency BD-RjUL
041 ## - LANGUAGE CODE
Language code of text/sound track or separate title eng
082 00 - DEWEY DECIMAL CLASSIFICATION NUMBER
Classification number 531.1133
Author mark and year COW 1965
Edition number 23
100 1# - MAIN ENTRY--PERSONAL NAME
Personal name Coulson, C. A.
Fuller form of name (Charles Alfred),
Dates associated with a name 1910-1974.
9 (RLIN) 27614
245 10 - TITLE STATEMENT
Title Waves :
Remainder of title a mathematical account of the common types of wave motion /
Statement of responsibility, etc. by Charles A. Coulson
250 ## - EDITION STATEMENT
Edition statement 9th ed.
260 ## - PUBLICATION, DISTRIBUTION, ETC. (IMPRINT)
Place of publication, distribution, etc. New York :
Name of publisher, distributor, etc. Interscience,
Date of publication, distribution, etc. 1934 [reprinted 1965].
300 ## - PHYSICAL DESCRIPTION
Pagination xii, 359 p :
Illustrations ill ;
Size 19 cm.
504 ## - BIBLIOGRAPHY, ETC. NOTE
Bibliography, etc Includes index.
650 #0 - SUBJECT ADDED ENTRY--TOPICAL TERM
Topical term or geographic name as entry element Wave-motion, Theory of
9 (RLIN) 27615
830 #0 - SERIES ADDED ENTRY--UNIFORM TITLE
Uniform title University mathematical texts
942 ## - ADDED ENTRY ELEMENTS (KOHA)
Source of classification or shelving scheme Dewey Decimal Classification
Koha item type Books
Holdings
Lost status Source of classification or shelving scheme Damaged status Not for loan Collection code Permanent Location Current Location Shelving location Date acquired Source of acquisition Cost, normal purchase price Total Checkouts Full call number Date last seen Copy number Koha item type
  Dewey Decimal Classification     Non-fiction Central Library, University of Rajshahi Central Library, University of Rajshahi   09/05/1970 Zeithlinger. 13.60   531.1133 COW 1965 19/01/2014 C-2 Books
  Dewey Decimal Classification     Non-fiction Central Library, University of Rajshahi Central Library, University of Rajshahi   09/05/1970 Zeithlinger. 13.60   531.1133 COW 1965 19/01/2014 C-3 Books
  Dewey Decimal Classification     Non-fiction Central Library, University of Rajshahi Central Library, University of Rajshahi   06/02/1973 Britain Gift     531.1133 COW 1968 19/01/2014 C-4 Books
  Dewey Decimal Classification     Non-fiction Central Library, University of Rajshahi Central Library, University of Rajshahi   09/05/1970 Zeithlinger. 13.60   531.1133 COW 1965 22/09/2016 C-5 Books